[Event "Ship Zenith op 8th"]
[Site "Ship Zenith"]
[Date "2019.11.13"]
[Round "5.8"]
[White "Soler Ferrer, Felipe"]
[Black "Munoz Prior, Marcelo"]
[Result "1/2-1/2"]
[WhiteElo "1652"]
[BlackElo "1479"]
[PlyCount "54"]
[EventDate "2019.11.09"]
[EventType "swiss"]
[EventRounds "8"]
[EventCountry "ESP"]
[SourceTitle "EXT 2024"]
[Source "ChessBase"]
[SourceDate "2023.10.10"]
[SourceVersion "1"]
[SourceVersionDate "2023.10.10"]
[SourceQuality "1"]

1. d4 Nf6 2. c4 e6 3. Nc3 d5 4. Bg5 Be7 5. e3 0-0 6. Nf3 Nbd7 7. Rc1 h6 8. Bxf6 Nxf6 9. Bd3 c6 10. 0-0 Re8 11. Qc2 dxc4 12. Bxc4 b5 13. Bd3 Bb7 14. Rfd1 Rc8 15. Ne4 Nd7 16. Nc5 Nxc5 17. dxc5 Qc7 18. Bh7+ Kh8 19. Be4 f5 20. Bd3 a5 21. e4 fxe4 22. Bxe4 Bf6 23. Rd2 Rcd8 24. Rcd1 Rxd2 25. Rxd2 Rd8 26. Ne1 Bg5 27. Rxd8+ Qxd8 1/2-1/2